Central Library OPAC University of Rajshahi
Normal view MARC view

Entry Personal Name

Number of records used in: 1

001 - CONTROL NUMBER

  • control field: 17423

003 - CONTROL NUMBER IDENTIFIER

  • control field: BD-RjUL

005 - DATE AND TIME OF LATEST TRANSACTION

  • control field: 20251201130344.0

008 - FIXED-LENGTH DATA ELEMENTS

  • fixed length control field: 251201|| aca||aabn | a|a d

040 ## - CATALOGING SOURCE

  • Original cataloging agency: BD-RjUL
  • Transcribing agency: BD-RjUL

100 ## - HEADING--PERSONAL NAME

  • Personal name: Wajid Ali Shah
  • General subdivision: Biography & reign

670 ## - SOURCE DATA FOUND

  • Source citation: Work cat.: (BD-RjUL)86011: واجدعلي شاه اور ان کا عہد ;; wajid ali shah or an ka ahd /, 1967